[Event "Morbihan-ch 1213"]
[Site "France"]
[Date "2013.03.16"]
[Round "6"]
[White "Biderbost, Marc"]
[Black "Marechal, Daniel"]
[Result "0-1"]
[WhiteElo "1390"]
[BlackElo "1650"]
[PlyCount "150"]
[EventDate "2012.10.27"]
[EventType "swiss"]
[EventRounds "7"]
[EventCountry "FRA"]
[SourceTitle "EXT 2014"]
[Source "ChessBase"]
[SourceDate "2013.11.20"]
[SourceVersion "1"]
[SourceVersionDate "2013.11.20"]
[SourceQuality "1"]

1. d4 Nf6 2. Nf3 g6 3. Bf4 Bg7 4. Nbd2 d6 5. e3 0-0 6. Bd3 Nc6 7. h3 Nd7 8. c3 e5 9. dxe5 Ncxe5 10. Nxe5 Nxe5 11. Nf3 Be6 12. Bxe5 dxe5 13. e4 Qe7 14. Qe2 Rad8 15. 0-0-0 Bxa2 16. Bc4 Bh6+ 17. Nd2 Bxc4 18. Qxc4 Rd6 19. Kc2 Rc6 20. Qb3 b6 21. Nf3 Bg7 22. Rd5 Rc5 23. Rhd1 Rxd5 24. Rxd5 Rd8 25. Qb5 Rxd5 26. Qxd5 Kf8 27. Qa8+ Qe8 28. Qxa7 Qc6 29. Qa3+ Ke8 30. Nd2 Bf8 31. Qb3 Bc5 32. f3 Be3 33. Nf1 Bc5 34. Nd2 Bd6 35. Nc4 Ke7 36. Ne3 Kf6 37. Ng4+ Kg7 38. Qd5 Qa4+ 39. Qb3 Qa1 40. Qd5 Qa4+ 41. Qb3 Qe8 42. Kd3 h5 43. Ne3 b5 44. Nd5 c6 45. Ne3 Qd7 46. Qc2 Bc5+ 47. Ke2 Bxe3 48. Kxe3 h4 49. b3 c5 50. Qa2 b4 51. Qa5 bxc3 52. Qxc3 Qd4+ 53. Qxd4 cxd4+ 54. Kd3 f6 55. b4 Kf7 56. f4 Ke7 57. Kc4 Kd6 58. b5 Kc7 59. fxe5 fxe5 60. Kb4 Kb6 61. Kc4 g5 62. Kb4 d3 63. Kc3 d2 64. Kxd2 Kxb5 65. Kd3 Kb4 66. Kd2 Kc4 67. Ke3 Kc3 68. Ke2 Kd4 69. Kf3 Kd3 70. g3 hxg3 71. Kxg3 Kxe4 72. Kg4 Kd3 73. Kxg5 e4 74. Kf4 e3 75. Kf3 Kd2 0-1

[Event "Morbihan-ch 1213"]
[Site "France"]
[Date "2012.12.15"]
[Round "3"]
[White "Marechal, Daniel"]
[Black "Maheo, Francois"]
[Result "0-1"]
[WhiteElo "1650"]
[BlackElo "1499"]
[PlyCount "124"]
[EventDate "2012.10.27"]
[EventType "swiss"]
[EventRounds "7"]
[EventCountry "FRA"]
[SourceTitle "EXT 2014"]
[Source "ChessBase"]
[SourceDate "2013.11.20"]
[SourceVersion "1"]
[SourceVersionDate "2013.11.20"]
[SourceQuality "1"]

1. d4 Nf6 2. Nf3 d5 3. Bf4 e6 4. e3 a6 5. Bd3 Nc6 6. a3 Be7 7. Nbd2 b5 8. c3 Bd6 9. Ne5 Ne7 10. Ndf3 h6 11. h3 Bb7 12. Nh2 0-0 13. g4 Nd7 14. g5 hxg5 15. Qh5 Nf6 16. Bxg5 Nxh5 17. Bf4 Nxf4 18. exf4 Bxe5 19. fxe5 Ng6 20. Rg1 Nf4 21. 0-0-0 Nxd3+ 22. Rxd3 g6 23. Ng4 Kg7 24. Nf6 Rh8 25. Rh1 Rh5 26. Nxh5+ gxh5 27. Rg3+ Kh6 28. Rhg1 Qh4 29. Rf3 Rf8 30. Rf6+ Qxf6 31. exf6 Bc6 32. Kd2 Be8 33. b4 h4 34. f4 Bd7 35. Rg4 c6 36. Ke3 Kh7 37. Kf3 Bc8 38. Rg7+ Kh8 39. Rg5 Kh7 40. Kg4 e5+ 41. Kxh4 exf4 42. Rg7+ Kh6 43. Rg5 Bxh3 44. Rh5+ Kg6 45. Rg5+ Kxf6 46. Rh5 Be6 47. Rh6+ Kf5 48. Rh5+ Ke4 49. Re5+ Kd3 50. Re1 Kxc3 51. Kg5 f3 52. Re3+ Kxd4 53. Rxf3 f6+ 54. Kf4 f5 55. Re3 Re8 56. Rf3 Kc4 57. Re3 Bd7 58. Rg3 d4 59. Rg7 Be6 60. Rc7 Bd5 61. Ra7 d3 62. Rxa6 d2 0-1

[Event "Morbihan-ch 1112"]
[Site "Morbihan"]
[Date "2012.03.31"]
[Round "7.8"]
[White "Marechal, Daniel"]
[Black "Pouliquen, Alain"]
[Result "1/2-1/2"]
[WhiteElo "1470"]
[BlackElo "1720"]
[PlyCount "131"]
[EventDate "2011.10.08"]
[EventType "swiss"]
[EventRounds "7"]
[EventCountry "FRA"]
[SourceTitle "EXT 2014"]
[Source "ChessBase"]
[SourceDate "2013.11.20"]
[SourceVersion "1"]
[SourceVersionDate "2013.11.20"]
[SourceQuality "1"]

1. d4 d5 2. Nf3 Nf6 3. e3 Bf5 4. Bd3 Bxd3 5. cxd3 e6 6. 0-0 c6 7. Ne5 Nbd7 8. f4 Qb6 9. Qe2 c5 10. dxc5 Nxc5 11. d4 Nce4 12. Nc3 a6 13. Nxe4 Nxe4 14. Qc2 f6 15. Qa4+ Qb5 16. Qxb5+ axb5 17. Nd3 Rc8 18. Nf2 Nd6 19. b3 b4 20. Bd2 Nb5 21. Nd3 Nc3 22. Bxc3 bxc3 23. Rac1 Kd7 24. Rc2 Ba3 25. Rf3 Bd6 26. Nf2 Bb4 27. Kf1 Rc6 28. Rg3 g6 29. Ng4 Ke7 30. Nf2 Ra8 31. Nd3 Bd6 32. Rf3 b6 33. Nc1 Rc7 34. Rff2 b5 35. h3 Kd7 36. Nd3 Kc8 37. Ke1 b4 38. g4 h6 39. Rg2 Be7 40. h4 Kb7 41. Kd1 Kb6 42. g5 hxg5 43. hxg5 fxg5 44. fxg5 Bd6 45. Rcf2 c2+ 46. Rxc2 Rxc2 47. Kxc2 Rxa2+ 48. Nb2 Be7 49. Kb1 Ra8 50. Nd3 Rf8 51. Nf4 Rf5 52. Nxe6 Rf3 53. Re2 Rg3 54. Nf4 Rxg5 55. Rg2 Rxg2 56. Nxg2 Bg5 57. Nf4 Bxf4 58. exf4 Kc7 59. Kc2 Kd7 60. Kd2 Ke6 61. Ke2 Kf6 62. Kf2 g5 63. Kf3 Kf5 64. fxg5 Kxg5 65. Kg3 Kf5 66. Kf3 1/2-1/2

[Event "Morbihan-ch 1112"]
[Site "Morbihan"]
[Date "2011.10.08"]
[Round "1.4"]
[White "Marechal, Daniel"]
[Black "Lages, Michel"]
[Result "1-0"]
[WhiteElo "1500"]
[BlackElo "1941"]
[PlyCount "55"]
[EventDate "2011.10.08"]
[EventType "swiss"]
[EventRounds "7"]
[EventCountry "FRA"]
[SourceTitle "EXT 2014"]
[Source "ChessBase"]
[SourceDate "2013.11.20"]
[SourceVersion "1"]
[SourceVersionDate "2013.11.20"]
[SourceQuality "1"]

1. c4 e6 2. d4 d5 3. Nc3 dxc4 4. e3 c5 5. Bxc4 Nf6 6. Nf3 Nc6 7. 0-0 cxd4 8. Nxd4 Nxd4 9. Qxd4 Qxd4 10. exd4 Be7 11. Bf4 a6 12. d5 b5 13. Bb3 Nh5 14. Ne2 Nxf4 15. Nxf4 e5 16. Ne2 0-0 17. Ng3 Kh8 18. Rad1 f5 19. d6 Bf6 20. d7 Bb7 21. Nxf5 Rab8 22. Nd6 g6 23. Rc1 Be7 24. Nf7+ Kg7 25. Nxe5 Bf6 26. Rfe1 Rbd8 27. Rc7 Rb8 28. d8Q+ 1-0

[Event "Morbihan-ch 0910"]
[Site "Morbihan"]
[Date "2010.03.27"]
[Round "6.17"]
[White "Thebaut, Herve"]
[Black "Marechal, Daniel"]
[Result "1-0"]
[WhiteElo "1420"]
[BlackElo "1560"]
[PlyCount "139"]
[EventDate "2009.10.10"]
[EventType "swiss"]
[EventRounds "7"]
[EventCountry "FRA"]
[SourceTitle "EXT 2014"]
[Source "ChessBase"]
[SourceDate "2013.11.20"]
[SourceVersion "1"]
[SourceVersionDate "2013.11.20"]
[SourceQuality "1"]

1. d4 d5 2. g3 c6 3. Bg2 Nf6 4. Nf3 Bf5 5. 0-0 g6 6. b3 Bg7 7. Bb2 0-0 8. Nbd2 Nbd7 9. Rb1 Rc8 10. Nh4 Be6 11. e4 Nxe4 12. Nxe4 dxe4 13. Bxe4 Bd5 14. Bxd5 cxd5 15. Re1 e6 16. c3 f5 17. f4 Nf6 18. Rxe6 Ne4 19. Qd3 Kf7 20. Re5 Bxe5 21. dxe5 Qb6+ 22. Kg2 Ke6 23. Nf3 h6 24. Nd4+ Kd7 25. Rc1 Nc5 26. Qb5+ Qxb5 27. Nxb5 Nd3 28. Rd1 Nxb2 29. Rxd5+ Kc6 30. c4 Rcd8 31. Nd6 a6 32. Rd2 Rxd6 33. Rxd6+ Kc5 34. Rd2 Nxc4 35. bxc4 Kxc4 36. Rd7 b5 37. Rd6 g5 38. Rxa6 gxf4 39. gxf4 Rg8+ 40. Kf3 h5 41. Rf6 Ra8 42. Rxf5 Rxa2 43. Rxh5 Ra3+ 44. Ke4 b4 45. e6 Ra8 46. Ke5 b3 47. Rg5 Ra5+ 48. Kf6 Rxg5 49. fxg5 b2 50. e7 b1Q 51. e8Q Qf1+ 52. Kg7 Qg2 53. Qe5 Qb7+ 54. Kh6 Qd7 55. h4 Qg4 56. h5 Qd7 57. g6 Qd2+ 58. Qg5 Qd6 59. Kh7 Qd3 60. Qf6 Kc5 61. Qf8+ Kc6 62. Qf7 Kc5 63. Kh8 Qd8+ 64. Qg8 Qf6+ 65. g7 Qh6+ 66. Qh7 Qf6 67. Qg6 Qd4 68. Qf7 Qe5 69. Kg8 Qb8+ 70. Qf8+ 1-0

[Event "Morbihan-ch 0607"]
[Site "Morbihan"]
[Date "2007.03.10"]
[Round "6"]
[White "Deslias, Quentin"]
[Black "Marechal, Daniel"]
[Result "0-1"]
[WhiteElo "1340"]
[BlackElo "1560"]
[PlyCount "52"]
[EventDate "2006.10.21"]
[EventType "swiss"]
[EventRounds "7"]
[EventCountry "FRA"]
[SourceTitle "EXT 2009"]
[Source "ChessBase"]
[SourceDate "2008.11.26"]
[SourceVersion "1"]
[SourceVersionDate "2008.11.26"]
[SourceQuality "1"]

1. e4 c5 2. c4 Nc6 3. Nc3 e6 4. d3 g6 5. Nf3 Bg7 6. g3 Nge7 7. Bg2 0-0 8. 0-0 Nd4 9. Nxd4 Bxd4 10. Re1 Nc6 11. Be3 e5 12. Bh6 Re8 13. Rb1 Qf6 14. Be3 d6 15. Nd5 Qd8 16. Qf3 Re6 17. Bh3 Kg7 18. Bxe6 Bxe6 19. Nc3 Qd7 20. Nb5 Bg4 21. Qh1 a6 22. Nxd4 exd4 23. Bd2 Ne5 24. Kf1 Bf3 25. Qxf3 Nxf3 26. Re2 Qh3# 0-1

[Event "Morbihan-ch 0607"]
[Site "Morbihan"]
[Date "2006.12.16"]
[Round "3"]
[White "Marechal, Daniel"]
[Black "Dorel, Thierry"]
[Result "1-0"]
[WhiteElo "1580"]
[BlackElo "1240"]
[PlyCount "53"]
[EventDate "2006.10.21"]
[EventType "swiss"]
[EventRounds "7"]
[EventCountry "FRA"]
[SourceTitle "EXT 2009"]
[Source "ChessBase"]
[SourceDate "2008.11.26"]
[SourceVersion "1"]
[SourceVersionDate "2008.11.26"]
[SourceQuality "1"]

1. d4 d5 2. e4 e6 3. Nc3 a6 4. e5 Nc6 5. Nf3 f6 6. Bf4 fxe5 7. Nxe5 Nxe5 8. Bxe5 Nf6 9. g3 Bd6 10. Bg2 h5 11. Qd3 Rh6 12. 0-0-0 Qe7 13. h3 Bd7 14. Rhe1 0-0-0 15. f4 Be8 16. f5 Bd7 17. fxe6 Bxe6 18. Kb1 g5 19. Bxf6 Rxf6 20. Nxd5 Qf7 21. Nxf6 Qxf6 22. Qe4 Kd7 23. Qxb7 Ke7 24. d5 Be5 25. dxe6 Rxd1+ 26. Rxd1 Qf2 27. Qf3 1-0

[Event "Morbihan-ch 0506"]
[Site "Arradon"]
[Date "2006.02.11"]
[Round "5"]
[White "Loizil, Joel"]
[Black "Marechal, Daniel"]
[Result "1/2-1/2"]
[WhiteElo "1780"]
[BlackElo "1560"]
[PlyCount "75"]
[EventDate "2005.10.01"]
[EventType "swiss"]
[EventRounds "7"]
[EventCountry "FRA"]
[SourceTitle "EXT 2007"]
[Source "ChessBase"]
[SourceDate "2006.11.23"]
[SourceVersion "1"]
[SourceVersionDate "2006.11.23"]
[SourceQuality "1"]

1. c4 e5 2. Nc3 Nf6 3. g3 Be7 4. Bg2 d6 5. e3 c6 6. Nge2 0-0 7. 0-0 Be6 8. b3 d5 9. cxd5 cxd5 10. d4 e4 11. Bb2 Nc6 12. Nf4 Qd7 13. Nxe6 fxe6 14. Rc1 Nb4 15. a4 Nd3 16. Rc2 Rac8 17. Ne2 b5 18. a5 Bb4 19. Nc1 Nxb2 20. Rxb2 Bxa5 21. b4 Bb6 22. Nb3 Qd6 23. Nc5 a5 24. bxa5 Bxc5 25. dxc5 Rxc5 26. Qb1 Qa6 27. Ra2 Nd7 28. Qb4 Rfc8 29. Raa1 Ne5 30. f3 exf3 31. Bxf3 Nxf3+ 32. Rxf3 Rc1+ 33. Rf1 Rxa1 34. Rxa1 Qc6 35. Qe7 Re8 36. Qb4 Qc4 37. Rb1 Qe2 38. Re1 1/2-1/2

[Event "Morbihan-ch 0405"]
[Site "Arradon"]
[Date "2005.03.05"]
[Round "5"]
[White "Marechal, Daniel"]
[Black "Le Clanche, Marcel"]
[Result "1/2-1/2"]
[WhiteElo "1570"]
[BlackElo "1730"]
[PlyCount "66"]
[EventDate "2004.10.10"]
[EventType "swiss"]
[EventRounds "7"]
[EventCountry "FRA"]
[SourceTitle "EXT 2007"]
[Source "ChessBase"]
[SourceDate "2006.11.23"]
[SourceVersion "1"]
[SourceVersionDate "2006.11.23"]
[SourceQuality "1"]

1. c4 e5 2. Nc3 Nf6 3. d3 Bc5 4. g3 0-0 5. Bg2 Ng4 6. Ne4 Bb4+ 7. Bd2 Nc6 8. Nf3 f5 9. Bxb4 Nxb4 10. Nc3 d6 11. h3 Nf6 12. a3 Nc6 13. 0-0 Kh8 14. e3 Be6 15. Nd2 Rb8 16. Nd5 Ne7 17. Nxf6 Rxf6 18. b3 Rh6 19. f4 Nc6 20. Nf3 Qf6 21. Ra2 exf4 22. exf4 Bf7 23. Qa1 Qg6 24. Ng5 Re8 25. Kf2 Qf6 26. Qxf6 Rxf6 27. Nxf7+ Rxf7 28. Bxc6 bxc6 29. Re2 Rb8 30. Rfe1 g6 31. Re8+ Rxe8 32. Rxe8+ Kg7 33. Rb8 d5 1/2-1/2

[Event "Morbihan-ch 0405"]
[Site "Arradon"]
[Date "2005.01.29"]
[Round "4"]
[White "Blanchard, Philippe"]
[Black "Marechal, Daniel"]
[Result "1/2-1/2"]
[WhiteElo "1530"]
[BlackElo "1570"]
[PlyCount "56"]
[EventDate "2004.10.10"]
[EventType "swiss"]
[EventRounds "7"]
[EventCountry "FRA"]
[SourceTitle "EXT 2007"]
[Source "ChessBase"]
[SourceDate "2006.11.23"]
[SourceVersion "1"]
[SourceVersionDate "2006.11.23"]
[SourceQuality "1"]

1. d4 f5 2. Bg5 Nf6 3. Nf3 d6 4. e3 e6 5. Nbd2 Be7 6. Bd3 0-0 7. 0-0 Nc6 8. a3 Bd7 9. c4 h6 10. Bh4 Nh7 11. Bxe7 Nxe7 12. b4 b6 13. Rc1 Rb8 14. c5 Ng6 15. c6 Be8 16. b5 d5 17. Be2 Nf6 18. Qc2 Ne4 19. Ne1 Qd6 20. Nxe4 fxe4 21. Qb2 Ne7 22. Nc2 Bg6 23. Qb4 Nf5 24. Qxd6 Nxd6 25. Nb4 Rbc8 26. a4 Rf6 27. Na6 Bf5 28. Rfd1 Rg6 1/2-1/2

[Event "Morbihan-ch 0304"]
[Site "Morbihan"]
[Date "2004.03.06"]
[Round "5"]
[White "Marechal, Daniel"]
[Black "Blanchard, Ophelie"]
[Result "0-1"]
[WhiteElo "1570"]
[BlackElo "1810"]
[PlyCount "50"]
[EventDate "2003.10.??"]
[EventType "swiss"]
[EventRounds "7"]
[EventCountry "FRA"]
[SourceTitle "EXT 2005"]
[Source "ChessBase"]
[SourceDate "2004.11.15"]
[SourceVersion "1"]
[SourceVersionDate "2004.11.15"]
[SourceQuality "1"]

1. c4 Nf6 2. Nc3 e6 3. Nf3 d5 4. e3 Be7 5. Be2 0-0 6. 0-0 dxc4 7. Bxc4 b6 8. d4 Bb7 9. Qc2 c5 10. Be2 Nbd7 11. b3 Rc8 12. Bb2 Nd5 13. Rac1 N7f6 14. Rfd1 Nxc3 15. Bxc3 Qc7 16. Ne5 cxd4 17. exd4 Rfd8 18. Bf3 Bd5 19. Bxd5 Nxd5 20. Rd3 Bg5 21. Rh3 h6 22. Rd1 Nxc3 23. Rf1 Nd5 24. Qb1 Qb7 25. Nf3 Nf4 0-1

[Event "Morbihan-ch 0102"]
[Site "Morbihan"]
[Date "2002.03.02"]
[Round "5"]
[White "Brucelle, Clement"]
[Black "Marechal, Daniel"]
[Result "1-0"]
[WhiteElo "1780"]
[BlackElo "1580"]
[PlyCount "91"]
[EventDate "2001.10.20"]
[EventType "swiss"]
[EventRounds "7"]
[EventCountry "FRA"]
[SourceTitle "EXT 2005"]
[Source "ChessBase"]
[SourceDate "2004.11.15"]
[SourceVersion "1"]
[SourceVersionDate "2004.11.15"]
[SourceQuality "1"]

1. e4 c6 2. d4 d5 3. Nc3 dxe4 4. Nxe4 Bf5 5. Ng3 Bg6 6. Nf3 h6 7. Bd3 Bxd3 8. Qxd3 Nd7 9. 0-0 g6 10. d5 Nc5 11. Qc3 Nf6 12. Qxc5 Nxd5 13. Rd1 e6 14. Qd4 Nf6 15. Qxd8+ Rxd8 16. Rxd8+ Kxd8 17. Be3 a6 18. Rd1+ Kc8 19. Ne5 Rh7 20. c4 Be7 21. f3 Bd8 22. Bd4 h5 23. Ne4 Ne8 24. Bc5 f5 25. Nd6+ Nxd6 26. Bxd6 g5 27. Re1 Bf6 28. b3 g4 29. fxg4 hxg4 30. g3 Bxe5 31. Rxe5 Kd7 32. c5 Rh8 33. Re2 Re8 34. Kf2 a5 35. a4 b6 36. Rd2 bxc5 37. Bxc5+ Kc7 38. Bd6+ Kb6 39. Re2 c5 40. Re5 Kc6 41. Bxc5 Kd7 42. Bb6 Rb8 43. Rb5 Kc6 44. Bxa5 Rxb5 45. axb5+ Kxb5 46. Bc3 1-0

[Event "Morbihan-ch 0102"]
[Site "Morbihan"]
[Date "2002.01.26"]
[Round "4"]
[White "Hocher, Eugene"]
[Black "Marechal, Daniel"]
[Result "1-0"]
[WhiteElo "1830"]
[BlackElo "1580"]
[PlyCount "109"]
[EventDate "2001.10.20"]
[EventType "swiss"]
[EventRounds "7"]
[EventCountry "FRA"]
[SourceTitle "EXT 2005"]
[Source "ChessBase"]
[SourceDate "2004.11.15"]
[SourceVersion "1"]
[SourceVersionDate "2004.11.15"]
[SourceQuality "1"]

1. d4 c6 2. c4 d5 3. Nc3 g6 4. Nf3 Bg7 5. Bf4 Nf6 6. e3 Bg4 7. Be2 Nbd7 8. cxd5 Nxd5 9. Nxd5 cxd5 10. 0-0 0-0 11. Qb3 Nb6 12. h3 Bxf3 13. Bxf3 e6 14. Be2 Rc8 15. Rfc1 Rxc1+ 16. Rxc1 Qa8 17. Rc7 Rc8 18. a4 Rxc7 19. Bxc7 Nd7 20. a5 Qc8 21. Bg3 a6 22. Kh2 Nf6 23. f3 Nh5 24. Bd6 Qd7 25. Qb6 Nf6 26. b4 Ne8 27. Bg3 Bf8 28. b5 Bd6 29. bxa6 Bxg3+ 30. Kxg3 bxa6 31. Qxa6 Qd6+ 32. Qxd6 Nxd6 33. Kf4 f6 34. h4 h6 35. e4 Kf7 36. a6 Nc8 37. Bb5 Na7 38. Ba4 Ke7 39. Ke3 Kd6 40. f4 Kc7 41. Bc2 Kb6 42. exd5 exd5 43. Bxg6 Kxa6 44. Bf7 Nb5 45. Bxd5 Nd6 46. g4 Kb6 47. Be6 Kc7 48. f5 Kd8 49. Kf4 Ke7 50. g5 hxg5+ 51. hxg5 fxg5+ 52. Ke5 Ne8 53. d5 g4 54. d6+ Kf8 55. d7 1-0

[Event "Morbihan-ch 0102"]
[Site "Morbihan"]
[Date "2001.11.24"]
[Round "2"]
[White "Raimbault, Frederic"]
[Black "Marechal, Daniel"]
[Result "1-0"]
[WhiteElo "1870"]
[BlackElo "1610"]
[PlyCount "49"]
[EventDate "2001.10.20"]
[EventType "swiss"]
[EventRounds "7"]
[EventCountry "FRA"]
[SourceTitle "EXT 2005"]
[Source "ChessBase"]
[SourceDate "2004.11.15"]
[SourceVersion "1"]
[SourceVersionDate "2004.11.15"]
[SourceQuality "1"]

1. e4 d5 2. exd5 Qxd5 3. Nc3 Qd6 4. Nf3 a6 5. d4 Nf6 6. Bc4 Bf5 7. Be3 e6 8. Qd2 Nbd7 9. Bb3 0-0-0 10. Qe2 Nb6 11. Ne5 Bg6 12. h4 Nfd5 13. h5 f6 14. hxg6 fxe5 15. Ne4 Qc6 16. 0-0-0 h6 17. Ng5 Re8 18. Nf7 Nxe3 19. fxe3 Rg8 20. Nxe5 Qe4 21. c4 Be7 22. Bc2 Qxe3+ 23. Qxe3 Bg5 24. Qxg5 hxg5 25. Rhf1 1-0